000 00700nam a22002297a 4500
003 DO-SdBNP
005 20220523120051.0
007 ta
008 110301s2022 dr a 000 0 spa d
020 _a9789945808582
040 _aDO-SdBNP
_bspa
_cBNPHU
082 4 _axxxx
_bH557h
100 1 _aHernández Sanó, José
_953018
245 1 0 _aHonremos sus legados /
_cJosé Hernández Sanó ; presentación Rafael Augusto Guerrero
260 _aSanto Domingo :
_bTalleres gráficos 16,
_c2022.
300 _a80 p. :
_bil.
_c21 cm.
504 _aBibliografía p: 80
590 _aInventariado, 2022/ YL
700 1 2 _aGuerrero, Rafael Augusto
_epres.
_981659
910 _aYLockward
942 _2ddc
_cLBS1
999 _c51786
_d51786